| 000 | 00364 a2200133 4500 | ||
|---|---|---|---|
| 001 | 92269 | ||
| 082 | _aPR 2513 | ||
| 090 |
_c44215 _d44214 |
||
| 100 | _aMehran Ameer; Dr. Salman Aslam and Shafqat ul Mulk (Advisors) | ||
| 245 |
_aObstacle Avoiding Ground Rover _n77 'B' EC |
||
| 260 |
_aIslamabad _bNUST _c2014 |
||
| 300 | _axi,60p. | ||
| 500 | _aBE Project Reports | ||
| 942 |
_aCAE NUST _kPR 2513 |
||
| 999 |
_c327342 _d327342 |
||